000 00313nam a2200133Ia 4500
008 191201s2006 xx 000 0 und d
100 _aRAJARAMAN, V
245 0 _aAn Introduction to Digital Computer Design
250 _a4th
260 _aN.Delhi
_bPHI
_c2006
300 _a520
650 _aMBA
942 _2ddc
_cBK
999 _c3167
_d3167